[Event "FIDE World Cup 11-12"]
[Site "Khanty-Mansiysk"]
[Date "2005.12.15"]
[Round "7.1"]
[White "Malakhov, Vladimir"]
[Black "Vallejo Pons, Francisco"]
[Result "1-0"]
[WhiteElo "2670"]
[BlackElo "2674"]
[Annotator "Ftacnik,L"]
[PlyCount "99"]
[EventDate "2005.11.27"]
[EventType "k.o."]
[EventRounds "7"]
[EventCountry "RUS"]
[SourceTitle "CBM 111"]
[Source "ChessBase"]
[SourceDate "2006.04.04"]
[SourceVersion "1"]
[SourceVersionDate "2006.04.04"]
[SourceQuality "1"]

1. e4 c5 2. Nf3 d6 3. d4 cxd4 4. Nxd4 Nf6 5. Nc3 a6 6. g3 e5 7. Nb3 Be7 8. Bg2
Nbd7 9. a4 b6 10. O-O Qc7 {The first interesting moment. Other games feature
black set up without early move of the black queen.} (10... Bb7 11. Re1 O-O 12.
Nd2 Rc8 13. Qe2 (13. Nf1 Nc5 (13... Rxc3 14. bxc3 Nc5 15. Nd2 Bc6 16. a5 bxa5
17. Ba3 Nb7 18. Nc4 Qc7 19. Ne3 Rd8 20. Qd3 Qb6 21. Reb1 Qa7 22. Qc4 {1-0
Ivanov,A (2590)-L'Ami,E (2531)/Moscow 2005 (42)}) 14. Bg5 Kh8 (14... Ne6 15.
Bxf6 Bxf6 16. Ne3 g6 17. Ncd5 Bg7 18. c3 Kh8 19. Qb3 Rb8 20. Red1 Ba8 21. Qc2
Qc8 22. Qe2 $16 {0-1 Popovic,P (2540)-Polugaevsky,L (2585)/Sarajevo 1987 (45)})
15. Bxf6 Bxf6 16. Ne3 g6 17. Nc4 Rc6 18. Nd5 a5 19. Bf1 Bg7 20. b4 axb4 21.
Nxb4 Rc7 22. Nxd6 Ba8 {0-1 Arnason,J (2535)-Renet,O (2535)/Reykjavik 1993 (37)}
) 13... Nc5 14. Nc4 Ncxe4 15. Nxe4 Bxe4 16. Bxe4 Nxe4 17. Qxe4 d5 18. Qxe5 Bf6
19. Qf5 Rxc4 20. c3 d4 21. cxd4 Bxd4 22. Bg5 Qc8 $15 {0-1 Makarov,M (2530)
-Smirin,I (2670)/Moscow 2004 (43)}) 11. Re1 O-O 12. Nd2 Bb7 13. Nf1 Nc5 (13...
Rfe8 14. Ne3 Rac8 15. Nf5 Bf8 16. Be3 $14) 14. Bg5 Ne6 (14... Rac8 15. Bxf6
Bxf6 16. Ne3 $14) 15. Bxf6 Bxf6 16. Ne3 Qc5 {Vallejo is prepared to use his
queen in active play, but on c5 her prospects are not great.} (16... Rac8 17.
Bh3 Bg5 18. Ncd5 Qd8 19. c3 Bxe3 20. Rxe3 Rb8 21. b4 $14) 17. Ncd5 Bd8 (17...
Bg5 18. b4 Qc6 19. a5 b5 20. Rf1 $16) 18. c3 (18. Nf5 Kh8 19. Re3 Bxd5 20. Qxd5
Bc7 21. Rc3 Qb4 22. Ra2 $16) 18... g6 (18... Nc7 19. b4 Qc6 20. Nf5 Nxd5 21.
Qxd5 Qxd5 22. exd5 Bc7 23. f4 $14) 19. Qb3 (19. b4 Qc6 20. Qd3 $16) 19... Rb8
20. Red1 Kh8 (20... Bg5 21. Nc4 Rfd8 22. Ndxb6 f5 23. a5 Bxe4 24. Nd2 d5 25.
Nxe4 fxe4 26. Bxe4 $16) 21. Qa3 {Malakhov insists, that the middle game
without queens is better for him due to the vulnerability of black's pawn
structure.} Qc6 (21... f5 22. b4 Qc8 23. exf5 gxf5 24. f4 $14) 22. h4 (22. b3
b5 23. axb5 axb5 24. Qb4 Qc5 $14) (22. f4 $5 exf4 (22... f6 23. b4 $16) 23.
gxf4 f5 24. exf5 gxf5 25. c4 Qd7 26. Qc3+ Qg7 27. Qxg7+ Kxg7 28. b4 $16) 22...
Nc5 23. Nc4 (23. b4 Ne6 24. b5 Qd7 25. bxa6 Bxa6 26. Nb4 Bb7 27. Nc4 $16) 23...
Qxa4 $6 {This sign of impatience will be costly, since white knights in the
center will dominate the board.} (23... f5 $5 24. exf5 gxf5 25. Qb4 Bc7 $13)
24. b4 $1 (24. Qxa4 Nxa4 25. Nxd6 Nxb2 26. Rd2 Bxd5 27. exd5 Be7 28. Rxb2 Bxd6
29. Rxa6 Bc5 $14) 24... Qxa3 25. Rxa3 Na4 (25... Ne6 26. Ndxb6 Bxb6 27. Nxb6
Rfd8 28. Nc4 $16) 26. Nxd6 Bc6 27. c4 (27. f4 f6 28. c4 $16) 27... b5 28. c5 a5
29. Rc1 Kg7 $2 {The king belongs to the center of activity, but in this moment
black simply loses precious time.} (29... Bxd5 30. exd5 axb4 31. Rb3 f5 32.
Rxb4 (32. c6 Nc3 33. Rc2 e4 34. Rxb4 Nxd5 35. Rxb5 Rxb5 36. Nxb5 Bb6 37. Kh2
$11) 32... Be7 33. Nb7 $1 Rxb7 (33... Nxc5 34. d6 Bxd6 35. Nxd6 Nd3 36. Rcb1
Nxb4 37. Rxb4 Rbd8 38. Nxb5 $14) 34. d6 Bxd6 (34... e4 35. c6 Rc8 36. dxe7 Rxe7
37. Rxb5 $18) 35. Bxb7 Nxc5 36. Rxb5 Nd3 37. Rc6 $14) 30. Rb3 axb4 (30... f6
31. bxa5 Bxa5 32. Ne7 Bd7 33. c6 Be6 34. Rxb5 Bc7 35. Nb7 $16) (30... Bxd5 31.
exd5 axb4 32. Rxb4 (32. c6 Nc3 33. Rc2 Be7 34. Nb7 Rxb7 35. cxb7 Rb8 36. d6
Bxd6 37. Rd2 $16) 32... Nxc5 33. Rxc5 Be7 34. Ne4 Bxc5 35. Nxc5 Rfd8 36. g4 $18
) 31. Nxb4 Bd7 32. c6 {The omens are not good as white passed pawn is only two
steps from promotion square.} Rb6 (32... Be6 33. Nd5 Be7 (33... Bc7 34. Nb7 Bb6
35. Rxb5 $18) 34. Nxe7 Bxb3 35. c7 Ra8 36. c8=Q Rfxc8 37. Nexc8 $18) 33. Rd3 (
33. Bf1 Be7 34. Nd5 Be6 35. Nxb5 $18) 33... Be6 34. Nd5 Nb2 (34... Bxd5 35.
exd5 Bc7 36. Nb7 Nb2 37. Rb3 Nc4 38. Nc5 Rd8 39. Nd7 Rxd7 40. cxd7 Kf6 41. Bf1
$18) 35. Rb3 Be7 (35... Nc4 36. Nxc4 Rxc6 (36... bxc4 37. Rxb6 Bxd5 38. exd5
Bxb6 39. d6 Kf6 40. Rxc4 Ke6 41. c7 Kd7 42. Bb7 $18) 37. Rxb5 $18) 36. Nxb6 {
Malakhov's only problem was to chose the line with the highest probability of
an easy win.} (36. Nxb5 Na4 37. Rbb1 Bxd5 38. exd5 Rfb8 39. c7 Rc8 40. d6 Bxd6
41. Nxd6 Rxd6 42. Bb7 $18) 36... Bxb3 37. Nxb5 Be6 38. c7 (38. Nd5 Rb8 39. Nbc7
Bxd5 40. Nxd5 Bd6 41. Bf1 $18) 38... Nd3 39. Rc3 Bc5 40. Nd5 (40. c8=Q Bxf2+
41. Kf1 Bxc8 42. Nxc8 Nb2 43. Ncd6 $18) 40... Bxf2+ 41. Kf1 Bd7 (41... Bxg3 42.
Rxd3 Bxh4 43. Nd6 $18) 42. Nd6 Bc5 43. Nb7 (43. Rxd3 Bxd6 44. Nc3 Rc8 45. Rxd6
Rxc7 46. Nd5 $18) 43... Bd4 (43... Bb5 44. Nxc5 Nxc5+ 45. Kg1 Ne6 46. c8=Q $18)
44. Rxd3 Bb5 45. Ke2 Ra8 46. Nd6 {Despite all the heroic tricks black is left
at the lost position as a missing piece and white pawn on c7 are a bit too
much.} Ra2+ (46... Bxd3+ 47. Kxd3 Bf2 48. g4 Bxh4 49. c8=Q Rxc8 50. Nxc8 $18)
47. Ke1 Bxd3 (47... Bd7 48. Ne8+ Kh8 49. Nef6 Bc8 50. Bf1 Ra1+ 51. Rd1 Bf2+ 52.
Kxf2 Rxd1 53. Ne8 $18) 48. c8=Q Ra1+ 49. Kd2 Ba6 50. Qd8 (50. Qd8 Ra2+ 51. Kd1
Ra1+ 52. Kc2 Ra2+ 53. Kb3 Rb2+ 54. Ka3 $18) 1-0

[Event "Olympiad-42"]
[Site "Baku"]
[Date "2016.09.09"]
[Round "7.4"]
[White "Safarli, Eltaj"]
[Black "Brkic, Ante"]
[Result "1-0"]
[WhiteElo "2688"]
[BlackElo "2584"]
[Annotator "Ftacnik,L"]
[PlyCount "55"]
[EventDate "2016.09.02"]
[EventType "team-swiss"]
[EventRounds "11"]
[EventCountry "AZE"]
[SourceTitle "CBM 175"]
[Source "ChessBase"]
[SourceDate "2016.11.10"]
[SourceVersion "1"]
[SourceVersionDate "2016.11.10"]
[SourceQuality "1"]
[WhiteTeam "Azerbaijan"]
[BlackTeam "Croatia"]
[WhiteTeamCountry "AZE"]
[BlackTeamCountry "CRO"]

1. e4 c5 2. Nf3 d6 3. d4 cxd4 4. Nxd4 Nf6 5. Nc3 a6 6. g3 e5 7. Nf3 {The
ambitious young player is trying to improve the popular line usually played
with the retreat of the knight to e2.} (7. Nde2 Be7 8. Bg2) 7... Qc7 $6 {
I strongly suspect that this queen move is playable, but should be called an
inaccuracy. Black should develop the other pieces first and wait for the
suitable moment to use his strongest "card".} (7... Nbd7 8. Bg2 Be7 (8... b5 9.
O-O Be7 10. Nh4 g6 11. Bh6 Nb6 12. h3 Bb7 13. Re1 Bf8 14. Qc1 Ng8 15. Bd2 Be7
16. a4 b4 17. Nd5 Bxd5 18. exd5 a5 $14 {0-1 (61) Mrva,M (2485)-Dydyshko,V 
(2562) Slovakia 2006}) 9. Nh4 g6 10. Bh6 Nc5 11. Bg7 Rg8 12. Bxf6 Bxf6 13. Nf3
Be6 14. Qd2 g5 15. h4 h6 16. Rd1 Be7 17. hxg5 hxg5 18. Nh2 Qb6 19. b3 O-O-O 20.
Nf1 g4 21. Nd5 Bxd5 22. Qxd5 $11 {1-0 (98) Morozevich,A (2731)-Agrest,E (2569)
Mainz 2006}) (7... Be7 8. Bg2 b5 (8... O-O 9. O-O Nbd7 (9... b5 10. Nh4 g6 11.
Bh6 Re8 12. h3 Bb7 13. Qd2 b4 14. Nd5 Nxd5 15. exd5 a5 16. Nf3 Nd7 17. a3 Qb6
18. axb4 axb4 19. Ng5 Rxa1 20. Rxa1 Ra8 21. Rxa8+ Bxa8 22. Ne4 Bb7 $15 {
1-0 (46) Gorovykh,E (2416)-Kuzubov,Y (2545) Kirishi 2007}) 10. Nh4 g6 11. Bh6
Re8 12. h3 Nb6 13. Qd2 Nc4 14. Qc1 Kh8 15. Nf3 b5 16. Rd1 Qc7 17. Bg5 Bb7 18.
Bxf6+ Bxf6 19. Nd5 Bxd5 20. Rxd5 Rad8 $11 {0-1 (36) Dutreeuw,M (2401)
-Miroshnichenko,E (2646) Antwerp 2007}) 9. Bg5 Nbd7 10. a4 Bb7 11. axb5 axb5
12. Rxa8 Bxa8 13. O-O b4 14. Nb5 Qb6 15. c4 Bxe4 16. Re1 Bxf3 17. Bxf3 O-O 18.
Qd2 Nc5 19. Nd4 Nfe4 20. Bxe4 Bxg5 21. Qxg5 exd4 22. Bd5 $11 {1-0 (38) Safarli,
E (2638)-Adhiban,B (2561) Moscow 2012}) 8. Bg2 b5 (8... Be7 9. a4 O-O 10. O-O
Nc6 11. Bg5 Nb4 $11) 9. O-O Be7 10. Nh4 $5 {Safarli is pointing to the
vulnerable squares d5 and f5 with both his knights.} b4 (10... g6 11. Bh6 b4 (
11... Ng4 12. Nd5 Qd8 13. Bd2 $16) 12. Nd5 Nxd5 13. Qxd5 Nd7 14. Qd2 $14) 11.
Ne2 {A modest retreat, but White hopes to go to d5 under much more favourable
circumstances.} (11. Nd5 Nxd5 12. Qxd5 (12. exd5) 12... Bb7 13. Qd3 (13. Qb3
Bxh4 14. gxh4 Nc6 $11) 13... g6 14. Bh6 $14) (11. Na4 Bg4 12. Qe1 Nc6 13. Be3
Rb8 $11) 11... O-O 12. a3 Bb7 (12... bxa3 $5 13. Rxa3 Nc6 $13) 13. Nf5 (13. Qd3
bxa3 (13... a5 14. axb4 axb4 15. Rxa8 Bxa8 16. Nf5 $14) 14. b3 Nbd7 15. Bxa3 g6
$11) 13... Nxe4 {Brkic must have understood the danger connected with this
brave capture, but the e4-pawn is too important for White in the Sicilian
Defence.} (13... Bxe4 $2 14. Bxe4 Nxe4 15. Qd5 Nc5 16. Qxa8 Nc6 17. Qxc6 $18) (
13... bxa3 14. Rxa3 Nxe4 15. Nc3 Nxc3 16. Rxc3 Qd7 17. Qg4 g6 (17... Bf6 18.
Nh6+ Kh8 19. Qxd7 Nxd7 20. Bxb7 Ra7 21. Rc7 Nc5 22. Nxf7+) 18. Nh6+ $18) (13...
a5 14. Bg5 h6 15. Bh4 $1 $14) 14. axb4 d5 $2 {A model case of a conceptual
mistake in a critical position. Black has experienced difficulties in
finishing the development of his pieces, but resorting to the pawn moves does
not solve the problem. Especially in the opening phase of the game players
should be very careful with pawn moves as the absolute priority is to develop
pieces.} (14... Rd8 $1 15. Qd3 d5 16. Nxe7+ Qxe7 17. Rd1 Nc6 18. c3 Qe6 $11) (
14... Re8 15. Ra3 Qd7 16. Nxe7+ Qxe7 17. Rd3 Rd8 18. g4 a5 19. b5 $14) (14...
Nf6 $6 15. Bxb7 (15. Nxe7+ Qxe7 16. Bxb7 Qxb7 17. Qxd6 Nc6 $11) 15... Qxb7 16.
b5 $1 Re8 17. Nc3 $16) (14... g6 15. Nxe7+ Qxe7 16. f3 Nf6 17. Bg5 Qe6 18. Nc1
Nbd7 19. Nb3 $14) 15. Nc3 $1 Nxc3 (15... Rd8 16. Nxe4 dxe4 17. Qg4 Bf6 (17...
g6 18. Bxe4 Bxe4 19. Nh6+ Kg7 20. Qxe4 $16) 18. c3 Nc6 19. Bxe4 $16) (15... Nf6
16. Bg5 e4 (16... d4 17. Nxe7+ Qxe7 18. Bxf6 gxf6 19. Nd5 $16) 17. Nxe7+ Qxe7
18. Bxf6 Qxf6 19. Nxd5 Qe5 20. Nb6 $16) 16. bxc3 Bf6 {Suddenly the brave pawn
on d5 is a perfect target for the white forces and Black is not able to cope
as his queenside is still undeveloped.} (16... Rd8 17. Qg4 $1 (17. Ra5 Bf8 18.
Bg5 f6 19. Rxd5 Nc6 (19... Bxd5 20. Bxd5+ Kh8 21. Qf3 $16) 20. Nh6+ Kh8 21. Qh5
$16) 17... Bf6 18. Ra5 d4 19. Bxb7 Qxb7 20. cxd4 exd4 21. Bg5 Bxg5 22. Nxg7 $1
$16) 17. Ra5 Qxc3 (17... Rd8 18. Qg4 $16) (17... d4 18. cxd4 Bxg2 19. dxe5 Bxe5
20. Kxg2 $16) (17... e4 18. Rc5 (18. Ne3 $14) 18... Qd7 19. Bh3 Qd8 20. Bf4 $16
) 18. Bxd5 Qxb4 {Black has intuitively avoided the big problem that would have
arisen after 18...Rd8. White would be winning by exploiting the unstable setup
of the black pieces wavering on the brink with the shock move 19.Bg5!!} (18...
Rd8 19. Bg5 $3 (19. Bxb7 Rxd1 20. Rxd1 Ra7 21. Rc5 Qxc5 22. bxc5 Rxb7 $14)
19... Bxg5 (19... e4 20. Rc5 Qe5 (20... Rxd5 21. Rxc3 Rxd1 22. Rxd1 Bxg5 23.
Rc7 $18) 21. Bxf7+ Kxf7 22. Qh5+ $18) (19... Nd7 20. Bxb7 Rab8 21. Qg4 $18) (
19... Rxd5 20. Rxd5 Bxd5 21. Bxf6 Qf3 22. Ne7+ Kf8 23. Nxd5 $18) 20. Qh5 Rxd5 (
20... Bf6 21. Qxf7+ Kh8 22. Nh6 Bxd5 23. Rxd5 $18) (20... g6 21. Qxg5 Nc6 22.
Qf6 $18) 21. Qxg5 g6 22. Rxd5 $18) 19. Bd2 Qb6 (19... Qb2 20. Bb3 e4 21. c3 Rd8
22. Ra2 Rxd2 23. Rxb2 Rxd1 24. Rxd1 $18) 20. Be3 Qc7 {Brkis is retreating step
by step, as his poorly developed pieces would suffer in any direct clash.} (
20... Qxa5 21. Bxb7 Nc6 22. Bxc6 Rac8 23. Qf3 $18) 21. Qg4 $1 Bxd5 {Black is
showing signs of extreme suffering and the exchange of the bishops will not be
a solution. White would win with a direct attack after the strongly desirable
move 21...Nc6.} (21... Nc6 22. Nxg7 Kh8 23. Qf5 $1 Nxa5 (23... Ne7 24. Qxf6 Ng8
(24... Nxd5 25. Rxd5 $18) 25. Ne8+ Nxf6 26. Nxc7 $18) 24. Ne8 Qd8 25. Nxf6 $18)
(21... Qxa5 22. Bxb7 Nd7 23. Nxg7 $18) (21... Kh8 22. Rc5 Nc6 23. Rb1 $18) 22.
Rxd5 Kh8 (22... Nc6 23. Rd7 (23. Rd6 Ne7 24. Rxf6 Nxf5 25. Rxf5 f6 26. Rh5 $18)
23... Qc8 24. Nxg7 $18) (22... g6 23. Nh6+ Kg7 24. Rfd1 a5 25. Qf3 Ra6 26. Ng4
$18) 23. Rd6 Rg8 24. Rfd1 $1 {[%mdl 2048] Chess is primarily dependent on good
piece play and bringing the last reserve into play can not be a bad move.
Please note the huge disparity between coordination of the white and black
pieces.} (24. Qe4 Nd7 25. Qd5 Rad8 26. Rd1 Nb8 27. Bb6 $18) 24... a5 (24... Be7
25. Nxe7 Qxe7 26. Qe4) (24... Nc6 25. Rd7 Qa5 26. Nd6 Nd8 27. Qf3 Rb8 28. Ne4
$18) (24... Qxc2 25. Rxf6 Nd7 26. Nh6 gxh6 27. Qxd7 $18) 25. Bb6 Qb7 (25... Qc8
26. Rd8 Bxd8 27. Rxd8 $18) 26. Rxf6 Nc6 {The final combination now offers
White the chance to play with motifs of double attacks or threats as Black
should try to recapture the piece on the next move.} (26... gxf6 27. Qxg8+ Kxg8
28. Rd8#) (26... Ra6 27. Rd8 g6 28. Nd6 $18) 27. Qh4 $1 (27. Rd7 $5 Qxd7 (27...
Qxb6 28. Rfxf7 $18) 28. Nh6 (28. Nd6) 28... Qe8 29. Nxf7+ $18) 27... Qxb6 (
27... g6 28. Nd6 Qxb6 29. Rxf7 Rg7 30. Qf6 $18) 28. Rh6 {Black is not able to
prevent mate and had to admit defeat.} 1-0

[Event "Capablanca Memorial Elite 39th"]
[Site "Havana"]
[Date "2004.05.10"]
[Round "4"]
[White "Felgaer, Ruben Alejandro"]
[Black "Dominguez Perez, Leinier"]
[Result "0-1"]
[WhiteElo "2592"]
[BlackElo "2612"]
[Annotator "Ftacnik,L"]
[PlyCount "128"]
[EventDate "2004.05.06"]
[EventType "tourn"]
[EventRounds "11"]
[EventCountry "CUB"]
[EventCategory "13"]
[SourceTitle "CBM 101"]
[Source "ChessBase"]
[SourceDate "2004.07.27"]
[SourceVersion "1"]
[SourceVersionDate "2004.07.27"]
[SourceQuality "1"]

1. e4 c5 2. Nf3 d6 3. d4 cxd4 4. Nxd4 Nf6 5. Nc3 a6 6. g3 e5 7. Nb3 Nbd7 8. Bg2
b5 9. O-O Be7 10. Bd2 O-O 11. a4 b4 12. Nb1 {The knight retreat to b1 is
surprising, since white is now bound to make the idea c2-c3 work.} (12. Nd5
Nxd5 13. exd5 a5 14. c3 Rb8 15. Re1 Ba6 16. cxb4 axb4 17. Re4 Nc5 18. Rxb4 Rxb4
19. Bxb4 Nd3 20. Ba5 Qb8 21. Bf1 Nxb2 22. Qc2 Bxf1 23. Kxf1 Qb7 24. Qxb2 Rb8
25. Rb1 {1-0 Atlas,V-Olafsson,H/Chalkidiki 2002/ (28)}) 12... a5 13. c3 Nc5 14.
cxb4 (14. Nxa5 $5 bxc3 15. Bxc3 Rxa5 16. b4 Ba6 17. Re1 (17. bxa5 Bxf1 18. Qxf1
Nfxe4 $15) 17... Rxa4 18. Rxa4 Nxa4 19. Qxa4 Qb6 $11) 14... axb4 15. Bxb4 (15.
Nxc5 dxc5 16. Be3 Qa5 $15) 15... Ba6 16. Nxc5 $1 {Felgaer correctly feels,
that tactics with the black knight on d3 would most likely favour the enemy.} (
16. Re1 Nd3 17. Ba5 Qb8 18. Re3 (18. Re2 Bc4 19. Re3 Qxb3 20. Qxb3 Bxb3 21.
Rxd3 Bc2 22. Rc3 Bxb1 $19) 18... Nxb2 19. Qc2 Nc4 20. Rc3 Rc8 $15) 16... Bxf1
17. Qxf1 (17. Kxf1 $5 dxc5 18. Qxd8 Rfxd8 19. Bc3 Rd1+ 20. Ke2 Rg1 21. Bf3 Bd6
22. Kd3 $11) 17... dxc5 18. Bc3 c4 (18... Qe8 19. a5 Bd6 20. Na3 $11) 19. Qxc4
(19. Bxe5 Ng4 20. Bc3 Bc5 21. Qxc4 Bxf2+ 22. Kh1 Bb6 23. h3 Ne3 24. Qe2 Qc7 $15
) 19... Qd1+ 20. Qf1 Qc2 21. Nd2 (21. Bxe5 Ng4 (21... Nxe4 $6 22. Qe1 f5 23.
Nc3 Qxb2 24. Rb1 Qa3 25. Nxe4 fxe4 26. Ra1 Qc5 27. Bxe4 $14) 22. Bc3 Bc5 23.
Na3 Qxa4 $15) 21... Rfd8 22. Nc4 (22. Rc1 Qxa4 23. Nc4 Bc5 24. h3 Nd7 25. Nxe5
Nxe5 26. Bxe5 Rd2 27. Rxc5 Rd1 $15) 22... Rxa4 23. Rc1 Qb3 24. Nxe5 $6 {
Objectively not the best move, since taking with a bishop would practically
secure a draw.} (24. Bxe5 Ra2 25. Ne3 $11) 24... Nxe4 25. Nc6 Re8 26. Qd3 (26.
Nxe7+ Rxe7 27. Qd3 Qe6 28. Re1 f5 29. Qb5 (29. f3 Qb6+ 30. Qe3 Nc5 31. Qxe7
Ne4+ $19) 29... Qd7 30. Qb3+ Kh8 31. Rd1 Qe8 $15) 26... Bc5 $2 (26... Qe6 27.
Be5 Nf6 (27... Bf6 28. Bxe4 Bxe5 29. Bd5 $16) 28. Nxe7+ Rxe7 29. Bc6 Rg4 (29...
Qc8 30. Bxf6 gxf6 31. Qc3) 30. f4 $14) (26... Bf8 $1 27. Qd7 Raa8 $15) 27. Qd7
$2 {Even two very strong players can be blind towards the witty and surprising
tactics in a messy position.} (27. Ne7+ $1 Bxe7 (27... Kf8 $2 28. Bxg7+ Kxg7
29. Qxb3 $18) 28. Bxe4 Rb8 (28... h6 29. Bh7+ Kf8 30. Bxg7+ $18) 29. Bxh7+ Kf8
30. Be4 $16) 27... Qe6 (27... Bxf2+ 28. Kh1 Rf8 $17) 28. Qxe6 (28. Ne7+ $2 Rxe7
29. Qxa4 Bxf2+ 30. Kh1 (30. Kf1 Nd2+ 31. Bxd2 Qe2#) 30... Nxg3+ 31. hxg3 Qh6+
32. Qh4 Qxc1+ $19) 28... Rxe6 29. Bd4 (29. Nd4 Nxc3 30. bxc3 Rb6 $17) 29...
Bxd4 30. Nxd4 Re8 (30... Rxd4 $2 31. Rc8+ $18) 31. Bxe4 (31. Nf5 g6 32. Ne3 Kf8
$17) 31... Rxd4 {Dominguez has managed to reach the technical position with
excellent chances for a full point.} 32. Bf3 Rb4 33. Rc7 (33. Rc2 Reb8 $17)
33... Rxb2 34. Bd5 Rf8 35. h4 g6 36. Kg2 (36. h5 Kg7 37. hxg6 hxg6 $17) 36...
h5 37. Rd7 Rb6 38. Rc7 Rf6 39. Rc2 Rd8 40. Be4 Rd4 41. Ba8 Rfd6 42. Kg1 Rd2 43.
Rxd2 (43. Rc3 Ra6 44. Bc6 Raa2 45. Rf3 f5 46. Kg2 Kf7 $19) 43... Rxd2 {White's
last hope is the difficult nature of the pawn structure, black king seems to
have no access.} 44. f4 Kg7 45. Bc6 Kf6 46. Be4 Ke6 47. Bb7 Kd6 48. Be4 Kc5 49.
Bb7 Kd4 50. Bc6 Ke3 51. Bb7 f5 $1 52. Bc6 Rd6 53. Bb7 (53. Be8 Kf3 54. Kh2 Kg4
55. Kg2 Rd2+ 56. Kf1 Kf3 $19) 53... g5 $3 {[%mdl 4096] Very instructive
situation, black manages to break whites fortress on dark squares.} 54. hxg5 (
54. fxg5 f4 55. gxf4 (55. Kg2 f3+ 56. Bxf3 Rd2+ $19) 55... Kxf4 56. Kg2 Kg4 57.
Be4 Rd4 58. Bh7 Kxh4 59. g6 Rf4 60. Kh2 Rg4 61. Kh1 Kg3 62. Kg1 h4 $19) 54...
h4 55. Kg2 (55. gxh4 Kxf4 56. Kg2 Kg4 57. Bc8 Rc6 58. Bd7 Rc7 59. Be6 Re7 60.
Bc8 Rg7 61. Kh2 Rh7 62. Kg2 Rxh4 63. g6 Kf4 64. Kf2 Rg4 $19) 55... hxg3 56.
Kxg3 Rd4 57. Bg2 Rxf4 58. Bh3 Rf3+ 59. Kh4 (59. Kg2 f4 $19) 59... Kf4 60. g6
Rb3 $1 (60... Rg3 61. Bxf5 Rg1 62. Bc8 Rxg6 63. Kh5 $17) 61. g7 (61. Bg2 Rg3
$19) 61... Rg3 62. Bxf5 Rxg7 63. Bd3 (63. Bb1 Rg1 $19) 63... Rd7 64. Bc4 (64.
Bg6 Rd8 65. Kh3 Rh8+ 66. Kg2 Rg8 $19) 64... Rh7# 0-1

[Event "USA-ch"]
[Site "Seattle"]
[Date "2002.01.07"]
[Round "3"]
[White "Ivanov, Alexander"]
[Black "Lapshun, Yury"]
[Result "1-0"]
[WhiteElo "2578"]
[BlackElo "2384"]
[Annotator "Ftacnik,L"]
[PlyCount "77"]
[EventDate "2002.01.05"]
[EventType "swiss"]
[EventRounds "9"]
[EventCountry "USA"]
[SourceTitle "CBM 087"]
[Source "ChessBase"]
[SourceDate "2002.03.21"]
[SourceVersion "1"]
[SourceVersionDate "2002.03.21"]
[SourceQuality "1"]

1. e4 c5 2. Nf3 d6 3. d4 cxd4 4. Nxd4 Nf6 5. Nc3 a6 6. g3 e5 7. Nde2 b5 8. Bg2
Nbd7 9. h3 Bb7 10. g4 d5 $6 11. exd5 b4 12. Na4 Nb6 13. Nxb6 Qxb6 14. c4 bxc3
15. Nxc3 Bb4 16. Qa4+ Qb5 17. Qxb5+ axb5 18. Bd2 O-O-O {The whole tactical
line is somewhat dangerous for black as his pieces and pawns are overexposed.}
19. O-O-O Bc5 (19... Bxc3 20. Bxc3 Bxd5 21. Bxd5 Nxd5 22. Bxe5 f6 23. Bg3 $16)
20. Nxb5 (20. Be3 Bxe3+ 21. fxe3 b4 22. Na4 Rd6 23. g5 Nd7 24. Rhf1 $16) 20...
Nxd5 (20... Bxf2 21. Rhf1 Bb6 22. g5 Nxd5 23. Rxf7 Bc6 24. Na7+ Bxa7 25. Rxa7
$16) (20... Bxd5 21. Bxd5 Nxd5 22. Ba5 Rd7 23. Rhe1 f6 24. Re2 $16) 21. Ba5
Bxf2 (21... Rd7 22. Rhe1 Bxf2 (22... f6 23. Rd3 Bxf2 24. Red1 Bc6 25. Rxd5 $18)
23. Rxe5 Nf6 24. Rxd7 Nxd7 25. Nd6+ Kb8 26. Rb5 $18) 22. Bxd8 Rxd8 23. Rd3 $1 {
[%mdl 2048] Excellent move, that enables complete mobilisation of white forces.
} Kb8 (23... Bc6 24. Rhd1 Bxb5 25. Rxd5 Rxd5 26. Rxd5 Bc6 27. Rxe5 Bxg2 28. Re2
Bxh3 29. Rxf2 $18) 24. Rhd1 Rc8+ (24... e4 25. Bxe4 Rc8+ 26. Kb1 Nb4 27. Bxb7
$18) 25. Kb1 Nc3+ 26. Nxc3 Bxg2 27. R3d2 Rxc3 (27... Bxh3 28. Rxf2 Bxg4 29. Rh1
h5 30. Rxf7 $18) (27... Bf3 28. Rxf2 Bxd1 29. Rxf7 $1 Bxg4 30. hxg4 $18) 28.
bxc3 Be4+ 29. Kb2 Bg3 (29... Bh4 30. Rd7) 30. Rd7 {The fight of two rooks
against the bishop pair is quite hopeless for Lapshun.} Bg6 (30... Bf3 31. Rd8+
Kc7 32. R1d7+ Kc6 33. Rxf7 $18) 31. Re7 Kc8 32. a4 $1 e4 33. a5 Bh4 (33... f5
34. a6 Bb8 35. Rdd7 $18) 34. Re8+ Kb7 (34... Kc7 35. a6 Kb6 36. Rb8+ Ka7 37.
Rb7+ Kxa6 38. Rb4 $18) 35. Rd6 f5 36. a6+ Ka7 (36... Kc7 37. Rxg6 hxg6 38. a7
$18) 37. Rc8 e3 38. Rc7+ Ka8 39. Rdd7 1-0